Don y perdón: por una ética de la compasión.

Salvato in:
Dettagli Bibliografici
Autore principale: Bianchi, Enzo
Natura: Libro
Lingua:spagnolo
Pubblicazione: Santander Sal Terrae 2016
Serie:Colección ST Breve. 93
Soggetti:
Tags: Aggiungi Tag
Nessun Tag, puoi essere il primo ad aggiungerne!!

MARC

LEADER 00000cam a2200000 a 4500
001 UCD7753
003 CL-VaPUC
005 20230801105331.0
008 170407e20160000sp |||||||||||||||||spa|d
999 |c 367695  |d 367693 
020 |a 9788429325980 
040 |c Pontificia Universidad Católica de Valparaíso 
082 0 4 |a 234.5 BIA 2016  |2 21 
100 0 |a Bianchi, Enzo  |9 591736 
245 1 0 |a Don y perdón: por una ética de la compasión. 
260 |a Santander  |b Sal Terrae  |c 2016 
300 |a 102 páginas 
490 0 |a Colección ST Breve.  |v 93 
583 |a last modification  |c 20170407 16:56:00  |k Rodrigo Vera 
650 0 |a Perdón  |9 395249 
650 0 |a Reconciliación   |9 333649 
650 7 |a COMPASION  |2 CL-VaPUC  |9 392154 
942 |c BK  |2 ddc 
945 |d 20170407 16:56:00  |a dcastane 
952 |0 0  |1 0  |3 erb  |4 0  |6 234_500000000000000_BIA_2016  |7 0  |8 A  |9 482714  |a BIBTEO  |b BIBTEO  |i 537166K  |o 234.5 BIA 2016  |p 537166K  |r 2025-01-17  |w 2019-11-24  |y BK  |z Catalogado en:20170407  |k ICR